| 000 | 01866cam a22003854a 4500 | ||
|---|---|---|---|
| 090 | _c0 | ||
| 001 | 14095079 | ||
| 005 | 20070111073054.0 | ||
| 008 | 050901s2006 njua b 001 0 eng | ||
| 010 | _a 2005054227 | ||
| 020 | _a0471649902 (cloth) | ||
| 020 | _a9780471649908 | ||
| 035 | _a(OCoLC)ocm61458391 | ||
| 040 |
_aDLC _cDLC _dBAKER _dC#P _dIXA _dVP@ _dDLC |
||
| 042 | _apcc | ||
| 050 | 0 | 0 |
_aTJ211.35 _b.S75 2006 |
| 082 | 0 | 0 |
_a629.892 _222 _bSPO |
| 100 | 1 | _aSpong, Mark W. | |
| 245 | 1 | 0 |
_aRobot Modeling and Control / _cMark W. Spong, Seth Hutchinson, M. Vidyasagar. |
| 260 |
_aHoboken, NJ : _bJohn Wiley & Sons, _cc2006. |
||
| 300 |
_a478 p. : _bill. ; _c25 cm. |
||
| 504 | _aIncludes bibliographical references (p. 459-470) and index. | ||
| 650 | 0 |
_aRobots _xControl systems. |
|
| 650 | 0 | _aRobotics. | |
| 700 | 1 | _aHutchinson, Seth. | |
| 700 | 1 |
_aVidyasagar, M. _q(Mathukumalli), _d1947- |
|
| 856 | 4 | 2 |
_3Publisher description _uhttp://www.loc.gov/catdir/enhancements/fy0645/2005054227-d.html |
| 856 | 4 | 1 |
_3Table of contents only _uhttp://www.loc.gov/catdir/enhancements/fy0645/2005054227-t.html |
| 856 | 4 | 2 |
_3Contributor biographical information _uhttp://www.loc.gov/catdir/enhancements/fy0659/2005054227-b.html |
| 942 |
_2ddc _cBB |
||
| 999 |
_c10522 _d10522 |
||